00760cam a2200217 a 450000100100000000500170001000800410002702000150006804000250008308200220010810000390013024500620016926000370023130000210026849000210028965000260031065000290033691000370036595201250040299900150052700000792420240306164224.0850823s1983 sp b 000 f spa d a8432204803 aDO-SdBNPbspacBNPHU aPe863.44bV297con1 aVargas Llosa, Mario,d1936-91256710aContra viento y marea :b1962-1982 /cMario Vargas Llosa. aBarcelona :bSeix Barral,c1983. a462 p. ;c20 cm.0 aBiblioteca breve 4aNovela peruana912569 4aLiteratura peruana93140 aValidado. Control de calidad MFF 001054708MOaGRbGRcHDd2009-09-11iLF1l0oPe863.44 V297conp7924-10r2020-06-25w2020-06-25y4ZPréstamo en sala c7702d7702